000 00417nam a22001697a 4500
003 NUST - PNEC
005 20170116180836.0
008 150810b xxu||||| |||| 00| 0 eng d
020 _a0471410772
040 _cLIBRARY
082 _a532.5 BIR
100 _95020
_a Bird, R. Byron
245 _aTransport phenomena
_c R. Byron, Bird,
250 _a2th ed
650 _95021
_aTransport theory
_x-
942 _2ddc
_cBK
999 _c64238
_d64238